Aplikácia medzinárodného práva

Implementácia medzinárodného práva do vnútroštátneho práva ako podmienka aplikácie jeho pravidiel. Aplikácia medzinárodných zmlúv v právnom poriadku Slovenskej republiky. Praktické problémy priamej aplikácie medzinárodného práva.

Guardado en:
Detalles Bibliográficos
Autor principal: Klučka, Ján
Formato: Capítulo de libro
Lenguaje:eslovaco
Materias:
Etiquetas: Agregar Etiqueta
Sin Etiquetas, Sea el primero en etiquetar este registro!

MARC

LEADER 00000naa a2200000 4500
001 0191129
005 20231208100548.5
041 0 |a slo 
044 |a SK 
245 1 0 |a Aplikácia medzinárodného práva  |c Ján Klučka 
520 |a Implementácia medzinárodného práva do vnútroštátneho práva ako podmienka aplikácie jeho pravidiel. Aplikácia medzinárodných zmlúv v právnom poriadku Slovenskej republiky. Praktické problémy priamej aplikácie medzinárodného práva. 
610 2 0 |a právo medzinárodné 
610 2 0 |a zmluvy medzinárodné 
610 2 0 |a právo štátne 
610 2 0 |a Slovensko 
610 2 0 |a poriadok právny 
610 2 0 |a organizácie medzinárodné 
100 1 |a Klučka, Ján